000 00294nam a22001337a 4500
008 170713b xxu||||| |||| 00| 0 eng d
020 _a0198750080
041 _aeng
080 _a101
100 _a24
101 _aFIL
245 _aTHE PHILOSOPHY OF SCIENCE
_cNIDDITCH,P.H
942 _2udc
_cBK
999 _c20662
_d20662